Sčetnyje bulevy algebry

Saved in:
Bibliographic Details
Format: Book
Language:Russian
Published: Novosibirsk Nauka 1988
Edition:1. izd.
Tags: Add Tag
No Tags, Be the first to tag this record!

MARC

LEADER 00000nam a2200000 4500
001 c032657
005 20250701100039.2
041 0 |a rus 
044 |a RU 
245 1 0 |a Sčetnyje bulevy algebry  |c Sergej Sevost'janovič Gončarov 
250 |a 1. izd. 
264 1 |a Novosibirsk  |b Nauka  |c 1988 
300 |a 174 s.